L'Espagne en 1897 (Registro nro. 164032)
[ vista simple ]
| 000 -LEADER | |
|---|---|
| campo de control de longitud fija | 00535nam a22001575i 4500 |
| 001 - NÚMERO DE CONTROL | |
| campo de control | 164032 |
| 003 - IDENTIFICADOR DE NÚMERO DE CONTROL | |
| campo de control | ES-MaACL |
| 005 - FECHA Y HORA DE LA ÚLTIMA TRANSACCIÓN | |
| campo de control | 20230906212847.0 |
| 008 - DATOS DE LONGITUD FIJA--INFORMACIÓN GENERAL | |
| campo de control de longitud fija | 940615s1897 fr a |||| | fre d |
| 040 ## - FUENTE DE CATALOGACIÓN | |
| Centro catalogador/agencia de origen | CAM |
| Lengua de catalogación | spa |
| 100 1# - ENTRADA PRINCIPAL--NOMBRE DE PERSONA | |
| Nombre de persona | Routier, Gaston. |
| 9 (RLIN) | 132116 |
| 245 12 - MENCIÓN DEL TÍTULO | |
| Título | L'Espagne en 1897 |
| Resto del título | : (Avec sept portraits hors texte et cinq tableaux statistiques) / |
| Mención de responsabilidad, etc. | Gaston Routier. |
| 260 ## - PUBLICACIÓN, DISTRIBUCIÓN, ETC. | |
| Lugar de publicación, distribución, etc. | Paris : |
| Nombre del editor, distribuidor, etc. | Librairie H. Le Soudier, |
| Fecha de publicación, distribución, etc. | 1897. |
| 300 ## - DESCRIPCIÓN FÍSICA | |
| Extensión | [7], 344, IV p. [5] h. pl. lám. ; |
| Dimensiones | 19 cm. |
| 852 ## - LOCALIZACIÓN | |
| Ubicación | ES-MaACL |
| Número de control de estantería | G-11674 |
| Nota libre | -- Enc. hol. |
| Estatus retirado | Estado de pérdida | Estado de daño | No para préstamo | Colección | Biblioteca de origen | Biblioteca actual | Ubicación en estantería | Fecha de adquisición | Fuente de adquisición | Total de préstamos | Signatura topográfica completa | Código de barras | Visto por última vez | Precio de reemplazo | Tipo de ítem Koha |
|---|---|---|---|---|---|---|---|---|---|---|---|---|---|---|---|
| Libros del s. XIX | Biblioteca del Ateneo de Madrid | Biblioteca del Ateneo de Madrid | Sala Pecera Planta 3 | 17/01/2008 | G-11674 | 1171915 | 23/02/2023 | 23/02/2023 | Libro impreso antiguo |
